Η κατάσταση της ευτυχίας των Ελλήνων
Αποθηκεύτηκε σε:
| Κύριος συγγραφέας: | |
|---|---|
| Μορφή: | Βιβλίο |
| Γλώσσα: | Greek |
| Δημοσίευση: |
Αθήνα :
Ινστιτούτο Εργασίας ΓΣΕΕ,
c2022.
|
| Θέματα: | |
| Ετικέτες: |
Προσθήκη ετικέτας
Δεν υπάρχουν, Καταχωρήστε ετικέτα πρώτοι!
|
MARC
| LEADER | 00000nam a2200000 a 4500 | ||
|---|---|---|---|
| 001 | 1/125986 | ||
| 008 | 230124s2022####gr d ||| |||| ||gre|| | ||
| 020 | |a 9786185668068 | ||
| 040 | |a GR-MyUa |b gre |c GR-MyUa |e AACR2 | ||
| 041 | 0 | |a gre | |
| 082 | 7 | |a 338.9 |2 (23) | |
| 100 | 1 | |a Παναγιωτόπουλος, Νίκος, |d 1962- | |
| 245 | 1 | 2 | |a Η κατάσταση της ευτυχίας των Ελλήνων / |c Νίκος Παναγιωτόπουλος σε συνεργασία με τη Λίλα Παπαβασιλείου, την Άννα Παπαργυρίου και τη Δανάη Σαραντοπούλου. |
| 260 | |a Αθήνα : |b Ινστιτούτο Εργασίας ΓΣΕΕ, |c c2022. | ||
| 300 | |a 162 σ. : |b πιν. ; |c 23 εκ. | ||
| 504 | |a Βιβλιογραφία: σ. 159-162. | ||
| 650 | 0 | |a Economic development |z Greece. | |
| 650 | 0 | |a Economic development |x Psychological aspects. | |
| 650 | 0 | |a Economic development |x Social aspects. | |
| 852 | |a INST |b LESVOS |e 20230124 |h 338.9 ΠΑΝ |p 005100064852 |q 005100064852 |t BK |y 0 | ||
| 970 | |a Καμάτσου |b Δέσποινα |z 24-01-2023 | ||